Statistics for Elemental Categories of the Periodic Table

Click here to take the quiz!

General Stats

  • This quiz has been taken 176 times
  • The average score is 3 of 5

Answer Stats

Category% Correct
{Noble} {Gas}
81%
{Alkali}
69%
{Lanthanide} Series
49%
{Halogens}
48%
{Actinide} Series
47%

Score Distribution

Percentile by Number Answered

Percent of People with Each Score

Your Score History

You have not taken this quiz